000
00306nam a2200121Ia 4500
008
190216s9999||||xx |||||||||||||| ||und||
100
_a
Desai S S M
245
0
_a
Development Of Indian Economic Thought
260
_b
Himalaya Publishing House
_c
1981
300
_a
299 p
650
_a
Economics
942
_c
BK
999
_c
10262
_d
10262